Catálogo Biblioteca Central

Ciudad y medio ambiente (Registro nro. 75689)

Detalles MARC
000 -CABECERA
campo de control de longitud fija 00690naa a2200229 i 4500
001 - NÚMERO DE CONTROL
campo de control 75689
003 - IDENTIFICADOR DEL NÚMERO DE CONTROL
campo de control ES-MaBCM
005 - FECHA Y HORA DE LA ÚLTIMA TRANSACCIÓN
campo de control 20241016120310.0
008 - CÓDIGOS DE INFORMACIÓN DE LONGITUD FIJA
campo de control de longitud fija 010618s2001 esp 000 0 spa d
021 ## -
-- xx
035 ## - NÚMERO DE CONTROL DEL SISTEMA
Número de control de sistema (OCoLC)1365214261
040 ## - FUENTE DE LA CATALOGACIÓN
Centro transcriptor ES-MaBCM
041 0# - CÓDIGO DE LENGUA
Código de lengua del texto/banda sonora o título independiente spa
043 ## - CÓDIGO DE ÁREA GEOGRÁFICA
Código de área geográfica esp
100 1# - PUNTO DE ACCESO PRINCIPAL - NOMBRE DE PERSONA
Nombre de persona Espinoza Guerra, Luis Enrique
9 (RLIN) 14464
245 10 - MENCIÓN DE TÍTULO
Título Ciudad y medio ambiente
Resto del título : la Agenda 21 Local
Mención de responsabilidad etc. Luis Enrique Espinoza Guerra
650 27 - PUNTO DE ACCESO ADICIONAL DE MATERIA--TÉRMINO DE MATERIA
Término de materia o nombre geográfico como elemento inicial Desarrollo económico
9 (RLIN) 58375
650 27 - PUNTO DE ACCESO ADICIONAL DE MATERIA--TÉRMINO DE MATERIA
Término de materia o nombre geográfico como elemento inicial Protección del medio ambiente
9 (RLIN) 59954
650 27 - PUNTO DE ACCESO ADICIONAL DE MATERIA--TÉRMINO DE MATERIA
Término de materia o nombre geográfico como elemento inicial Ciudad
9 (RLIN) 57920
773 0# - ENLACE AL DOCUMENTO FUENTE
Encabezamiento principal En:
Título Sistema
Lugar editor y fecha de publicación Madrid : 2001
Número de control del registro relacionado 104699
Parte(s) relacionada(s) n. 162-163, jun., p. 219-231. - Loc. S.56
942 ## - ELEMENTOS DE PUNTO DE ACCESO ADICIONAL (KOHA)
Tipo de ítem Koha Artículos de revistas
Existencias
Estado de retiro Estado de pérdida Estado dañado No para préstamo Localización permanente Ubicación/localización actual Fecha de adquisición Precio válido a partir de Tipo de ítem Koha
        Biblioteca Central del Ministerio de la Presidencia Biblioteca Central del Ministerio de la Presidencia 21/04/2012 21/04/2012 Artículos de revistas